La Cooperación española para el desarrollo latinoamericano /
Spremljeno u:
| Glavni autor: | |
|---|---|
| Format: | Tekst |
| Oznake: |
Dodaj oznaku
Bez oznaka, Budi prvi tko označuje ovaj zapis!
|
MARC
| LEADER | 00000 a a2200000 04500 | ||
|---|---|---|---|
| 001 | 18158 | ||
| 003 | |||
| 040 | |||
| 100 | |a Freres, Christian L. | ||
| 245 | |a La Cooperación española para el desarrollo latinoamericano / |c Christian L. Freres | ||
| 773 | |g número 27 -28; páginas 109-130 | ||
| 999 | |c 22472 |d 22472 | ||
